| 000 | 01348nam a22003857a 4500 | ||
|---|---|---|---|
| 001 | 0004256 | ||
| 003 | KOHA_MİRAKIL | ||
| 005 | 20260207001406.0 | ||
| 007 | ta | ||
| 008 | 090420b1996 tu |||gr||||#||||0|tur | | ||
| 020 |
_a975160706X _c0,01 |
||
| 040 |
_aTR-BiSEU _btur _cTR-BiSEU _erda |
||
| 041 | 0 | _atur | |
| 044 | _ctu | ||
| 050 |
_aRA751.H45 _bS27 1996 |
||
| 100 | 1 | _aSarıyıldız, Gülden. | |
| 245 | 1 |
_aHicaz karantina teşkilatı (1865-1914)/ _cGülden Sarıyıldız ; Gülden Sarıyıldız. |
|
| 264 | 1 |
_aAnkara : _bAtatürk Kültür, Dil ve Tarih Yüksek Kurum Türk Tarih Kurumu _c1996 |
|
| 300 | _aix, 166, [24] sayfa; 24 cm. | ||
| 336 |
_ametin _btxt _2rdacontent |
||
| 337 |
_aaracısız _bn _2rdamedia |
||
| 338 |
_acilt _bnc _2rdacarrier |
||
| 490 | 1 | _aAtatürk Kültür, Dil ve Tarih Yüksek Kurumu Türk Tarih Kurumu yayınları ;VII. | |
| 490 | 1 | _adizi-sa. | |
| 490 | 1 |
_a ; _v145. |
|
| 500 | _aKaynakça ve dizin var. | ||
| 650 | 0 |
_aQuarantine--Hejaz. _910442 |
|
| 650 | 0 |
_aPublic health--Hejaz. _910443 |
|
| 650 | 0 |
_aCholera--Hejaz-- History. _910444 |
|
| 650 | 0 |
_aPublic health administration--Turkey--History. _910445 |
|
| 830 | 1 |
_aAtatürk Kültür, Dil ve Tarih Yüksek Kurumu Türk Tarih Kurumu yayınları ;VII. _910446 |
|
| 830 | 1 |
_adizi-sa. _97103 |
|
| 830 | 1 |
_a ; _v145. _91620 |
|
| 942 |
_2lcc _cBK |
||
| 999 |
_c4239 _d4239 |
||